Wimbledon demi finalistes, dernier carré semi finals 2000-2010 - Statistiques

Statistiques générales
  • Ce quiz a été pris 97 fois
  • Le résultat moyen est 27 sur 44
Statistiques - réponses
Année stade de la
compétition
Joueur % Correct
2009 vainqueur Federer
100%
2008 finaliste Federer
100%
2007 vainqueur Federer
100%
2006 vainqueur Federer
100%
2005 vainqueur Federer
100%
2004 vainqueur Federer
100%
2003 vainqueur Federer
100%
2010 vainqueur Nadal
99%
2008 vainqueur Nadal
99%
2007 finaliste Nadal
99%
2006 finaliste Nadal
99%
2010 demi finaliste Djokovic
97%
2007 demi finaliste Djokovic
97%
2010 demi finaliste Murray
85%
2009 demi finaliste Murray
85%
2000 vainqueur Sampras
79%
2001 demi finaliste Agassi
74%
2000 demi finaliste Agassi
74%
2009 finaliste Roddick
70%
2005 finaliste Roddick
70%
2004 finaliste Roddick
70%
2003 demi finaliste Roddick
70%
2005 demi finaliste Hewitt
62%
2002 vainqueur Hewitt
62%
2010 finaliste Berdych
57%
2007 demi finaliste Gasquet
52%
2002 finaliste Nalbandian
49%
2001 vainqueur Ivanisevic
48%
2008 demi finaliste Safin
48%
2003 finaliste Phillipoussis
42%
2001 finaliste Rafter
40%
2000 finaliste Rafter
40%
2004 demi finaliste Grosjean
36%
2003 demi finaliste Grosjean
36%
2002 demi finaliste Henman
30%
2001 demi finaliste Henman
30%
2009 demi finaliste Haas
25%
2006 demi finaliste Baghdatis
20%
2004 demi finaliste Ancic
13%
2005 demi finaliste Johansson
11%
2008 demi finaliste Schuttler
9%
2002 demi finaliste Malisse
6%
2006 demi finaliste Bjorkman
2%
2000 demi finaliste Voltchkov
1%
Aucun quiz correspondant
Distribution des résultats
% des personnes avec chaque résultat
Percentile par nombre de réponses
Votre historique - résultats
Vous n’avez pas pris ce quiz